Loading...
| Beliefs | 7 | 14.29 | 86% | 57% | 0% |
| Fine Arts - Classical Music and Opera | 5 | 8.00 | 60% | 20% | 0% |
| Fine Arts - Other Arts | 6 | 16.67 | 83% | 50% | 33% |
| Geography | 1 | 10.00 | 100% | 0% | 0% |
| History - American | 8 | 16.25 | 100% | 50% | 13% |
| History - Ancient | 4 | 12.50 | 100% | 25% | 0% |
| History - European | 6 | 15.00 | 83% | 67% | 0% |
| History - Other | 2 | 10.00 | 100% | 0% | 0% |
| History - World | 5 | 12.00 | 100% | 20% | 0% |
| Literature - American | 6 | 15.00 | 100% | 33% | 17% |
| Literature - British | 9 | 12.22 | 100% | 11% | 11% |
| Literature - European | 7 | 12.86 | 100% | 29% | 0% |
| Literature - World | 2 | 20.00 | 100% | 50% | 50% |
| Other Academic | 1 | 20.00 | 100% | 100% | 0% |
| Philosophy | 5 | 8.00 | 80% | 0% | 0% |
| Science - Biology | 5 | 12.00 | 80% | 20% | 20% |
| Science - Chemistry | 3 | 6.67 | 67% | 0% | 0% |
| Science - Other | 6 | 13.33 | 83% | 50% | 0% |
| Science - Physics | 3 | 13.33 | 67% | 67% | 0% |
| Social Science | 9 | 10.00 | 78% | 22% | 0% |
| Visual Arts | 3 | 16.67 | 100% | 67% | 0% |